000 00580nam a2200241Ia 4500
005 20250425162344.0
008 250425s9999 xx 000 0 und d
020 _a1587131730
041 _aeng
082 _a004.6
100 _aRULLAN, JOHN
245 0 _aWAN TECHNOLOGIES: CCNA 4 LABS AND STUDY GUIDE
250 _a1ST ED.
260 _aEstados Unidos
_bCISCO PRESS
_c2007
260 _aINDIANAPOLIS
300 _a162
650 _aCCNA
650 _aCISCO
650 _aREDES DE AREA AMPLIA
650 _aTRANSMISION DE DATOS
942 _c01
010 _a65243
999 _c227566
_d227566